| 000 | 00316nam a2200109 4500 | ||
|---|---|---|---|
| 999 |
_c516137 _d516137 |
||
| 082 | _aTNC B136x547 M687 | ||
| 100 |
_aMishra, G.P. _922515 |
||
| 245 | _aDynamics of rural development in village India | ||
| 260 |
_aNew Delhi _bAshiksh Publication house _c1982 |
||
| 300 | _a87p. | ||
| 650 |
_aDairy forms - India _922516 |
||